[Event "Quebec-ch U16"]
[Site "Montreal CAN"]
[Date "1997.03.01"]
[Round "1"]
[White "Pescarus, Radu"]
[Black "Falardeau, Bruno"]
[Result "1-0"]
[WhiteElo "1906"]
[BlackElo "1549"]
[PlyCount "37"]
[GameId "2160767911966384"]
[EventDate "1997.03.01"]
[EventType "tourn"]
[EventRounds "7"]
[EventCountry "CAN"]

1. e4 e6 2. d4 d5 3. exd5 exd5 4. Bd3 Nf6 5. Nf3 Bg4 6. O-O Be7 7. Bf4 Nbd7 8. Nbd2 O-O 9. c3 c5 10. Qb1 h6 11. h3 Bxf3 12. Nxf3 Qb6 13. Re1 Rfe8 14. Qc1 Nh5 15. Be3 c4 16. Bf5 Qc7 17. Qd2 Bd6 18. Bxh6 Bf4 19. Bxf4 1-0

[Event "Quebec-ch U16"]
[Site "Montreal CAN"]
[Date "1997.03.01"]
[Round "2"]
[White "Bachand-Fleurent, Julien"]
[Black "Caire, Francois"]
[Result "0-1"]
[WhiteElo "1547"]
[BlackElo "1521"]
[PlyCount "92"]
[GameId "2160767911966385"]
[EventDate "1997.03.01"]
[EventType "tourn"]
[EventRounds "7"]
[EventCountry "CAN"]

1. e4 c5 2. Nc3 Nc6 3. g3 g6 4. Bg2 Bg7 5. d3 d6 6. f4 e6 7. Nf3 Nge7 8. Be3 O-O 9. Qc1 Nd4 10. Bf2 Bd7 11. Ne2 Nxe2 12. Kxe2 Rc8 13. c3 e5 14. Be3 f5 15. Nd2 fxe4 16. Bxe4 d5 17. Bg2 d4 18. Bf2 exf4 19. gxf4 Nc6 20. Ne4 Bg4+ 21. Kf1 Bh6 22. Nxc5 Bxf4 23. Nxb7 Qe7 24. Qe1 Be3 25. Bd5+ Kg7 26. Rg1 Rxf2+ 27. Qxf2 Bxf2 28. Kxf2 Qxb7 29. Raf1 Qd7 30. c4 Rf8+ 31. Kg3 Rxf1 32. Rxf1 Bf5 33. Rf3 Qd6+ 34. Kg2 Nb4 35. Bb7 Nxd3 36. c5 Qxc5 37. Kg3 Qe5+ 38. Kg2 Ne1+ 39. Kg1 Nxf3+ 40. Bxf3 d3 41. Kf2 d2 42. h4 Qe1+ 43. Kg2 Be4 44. Bxe4 Qxe4+ 45. Kf2 d1=Q 46. h5 Qef3# 0-1

[Event "Quebec-ch U16"]
[Site "Montreal CAN"]
[Date "1997.03.01"]
[Round "2"]
[White "Falardeau, Bruno"]
[Black "Gulko, Andrei"]
[Result "1/2-1/2"]
[WhiteElo "1549"]
[BlackElo "1620"]
[PlyCount "78"]
[GameId "2160767911966386"]
[EventDate "1997.03.01"]
[EventType "tourn"]
[EventRounds "7"]
[EventCountry "CAN"]

1. e4 c5 2. Nf3 Nc6 3. Nc3 e5 4. Bc4 Be7 5. d3 d6 6. Bd2 Nf6 7. Qe2 Nd4 8. Nxd4 cxd4 9. Nb5 a6 10. Na3 O-O 11. h3 b5 12. Bb3 Nd7 13. O-O-O Nc5 14. f4 Nxb3+ 15. axb3 Bb7 16. f5 d5 17. h4 b4 18. Nb1 a5 19. Qg4 dxe4 20. h5 e3 21. h6 exd2+ 22. Nxd2 g6 23. fxg6 fxg6 24. Qe6+ Kh8 25. Rdf1 Qd6 26. Qg4 Rxf1+ 27. Rxf1 Rf8 28. Rxf8+ Bxf8 29. Nc4 Bxh6+ 30. Kb1 Qf6 31. Qd7 Bxg2 32. Qe8+ Kg7 33. Nxe5 Bf4 34. Qd7+ Kf8 35. Qc8+ Kg7 36. Qd7+ Kf8 37. Qc8+ Kg7 38. Qd7+ Kh8 39. Qe8+ Kg7 1/2-1/2

[Event "Quebec-ch U16"]
[Site "Montreal CAN"]
[Date "1997.03.01"]
[Round "2"]
[White "Gottlieb, Jonathan"]
[Black "Fortin, Marc"]
[Result "1/2-1/2"]
[WhiteElo "1818"]
[BlackElo "1654"]
[PlyCount "110"]
[GameId "2160767911966387"]
[EventDate "1997.03.01"]
[EventType "tourn"]
[EventRounds "7"]
[EventCountry "CAN"]

1. e4 c5 2. Nf3 d6 3. d4 cxd4 4. Nxd4 Nf6 5. Nc3 Nc6 6. Bc4 e6 7. Be3 Be7 8. f3 a6 9. g4 Nd7 10. Bxe6 Nxd4 11. Bxd7+ Qxd7 12. Qxd4 Bh4+ 13. Bf2 Bf6 14. Qb4 a5 15. Qb3 h5 16. Nd5 Bd8 17. Qc3 f6 18. Bb6 Qc6 19. Bxd8 Kxd8 20. gxh5 Rxh5 21. O-O-O Ra6 22. Kd2 Rh7 23. Ke3 Be6 24. Qxc6 bxc6 25. Nc3 Ke7 26. Rd2 Ra8 27. b3 Rah8 28. Rf2 Rh3 29. Ne2 g5 30. Ng1 R3h4 31. Ne2 Rh3 32. Ng1 R3h4 33. Rg2 Bh3 34. Rf2 Be6 35. Ne2 Rh3 36. Ng3 Kf7 37. Rg2 R8h7 38. Kf2 g4 39. f4 R7h4 40. f5 Bc8 41. Ke3 Ke7 42. Kf4 Kf7 43. Ke3 Ke7 44. Kf2 Kf7 45. Nf1 Rf3+ 46. Ke2 Ba6+ 47. Ke1 Bxf1 48. Rxf1 Re3+ 49. Re2 Rxe2+ 50. Kxe2 Rxh2+ 51. Kd3 Rh3+ 52. Kc4 Rh2 53. Rc1 Rf2 54. Kd3 Rf3+ 55. Ke2 Rf4 1/2-1/2

[Event "Quebec-ch U16"]
[Site "Montreal CAN"]
[Date "1997.03.01"]
[Round "2"]
[White "Moskvitch, Andrei"]
[Black "Pescarus, Radu"]
[Result "1-0"]
[WhiteElo "1820"]
[BlackElo "1906"]
[PlyCount "103"]
[GameId "2160767911966388"]
[EventDate "1997.03.01"]
[EventType "tourn"]
[EventRounds "7"]
[EventCountry "CAN"]

1. e4 c5 2. c3 d5 3. exd5 Qxd5 4. d4 Nf6 5. Be3 Ng4 6. Qf3 Nxe3 7. fxe3 Qxf3 8. Nxf3 e6 9. Nbd2 Nd7 10. Ne4 a6 11. Bd3 Be7 12. Ke2 O-O 13. a4 b6 14. a5 b5 15. dxc5 Bxc5 16. Nd4 Bb7 17. Ng5 h6 18. Bh7+ Kh8 19. Be4 Bxe4 20. Nxe4 Rac8 21. Nf3 Nf6 22. Nxf6 gxf6 23. Nd2 Rfd8 24. Rhd1 Kg7 25. Nb3 Be7 26. Rxd8 Rxd8 27. Nd4 Rc8 28. Rd1 Kg6 29. Nc2 Rd8 30. Rxd8 Bxd8 31. Nb4 Bxa5 32. Nxa6 Kf5 33. Nc5 Bc7 34. h3 Bb6 35. Nb3 Ke4 36. Nd2+ Kd5 37. b3 e5 38. c4+ bxc4 39. bxc4+ Kc5 40. Ne4+ Kxc4 41. Nxf6 Bc7 42. g3 Kc5 43. Kf3 Kd6 44. Ne8+ Kd7 45. Nxc7 Kxc7 46. Ke4 Kd6 47. Kf5 Kd5 48. g4 f6 49. h4 Kc4 50. Kxf6 e4 51. Ke5 Kd3 52. Kf4 1-0

[Event "Quebec-ch U16"]
[Site "Montreal CAN"]
[Date "1997.03.02"]
[Round "3"]
[White "Caire, Francois"]
[Black "Gottlieb, Jonathan"]
[Result "0-1"]
[WhiteElo "1521"]
[BlackElo "1818"]
[PlyCount "58"]
[GameId "2160767911966389"]
[EventDate "1997.03.01"]
[EventType "tourn"]
[EventRounds "7"]
[EventCountry "CAN"]

1. d4 Nf6 2. c4 c5 3. d5 e6 4. Nc3 exd5 5. cxd5 d6 6. e4 g6 7. Nf3 Bg7 8. Be2 O-O 9. O-O Re8 10. Nd2 Na6 11. f3 Rb8 12. a4 Nb4 13. Nc4 Qe7 14. Bf4 Rd8 15. Nb5 Nh5 16. Bxd6 Rxd6 17. Ncxd6 a6 18. Nxc8 Rxc8 19. g4 Be5 20. Qd2 Bf4 21. Qe1 Nc2 22. Qc3 Bxh2+ 23. Kxh2 Qh4+ 24. Kg1 Qg3+ 25. Kh1 Nf4 26. Rf2 Qxf2 27. Bf1 Nxa1 28. Qc1 Qxf3+ 29. Kh2 Nb3 0-1

[Event "Quebec-ch U16"]
[Site "Montreal CAN"]
[Date "1997.03.02"]
[Round "3"]
[White "Fortin, Marc"]
[Black "Falardeau, Bruno"]
[Result "0-1"]
[WhiteElo "1654"]
[BlackElo "1549"]
[PlyCount "36"]
[GameId "2160767911966390"]
[EventDate "1997.03.01"]
[EventType "tourn"]
[EventRounds "7"]
[EventCountry "CAN"]

1. e4 e6 2. d4 d5 3. exd5 exd5 4. c4 Nf6 5. Nc3 Bb4 6. Nf3 O-O 7. Be2 Bf5 8. O-O c6 9. Bf4 Nbd7 10. a3 Bxc3 11. bxc3 Re8 12. Bd3 Ne4 13. Qb3 Ndc5 14. dxc5 Nxc5 15. Qa2 Bxd3 16. Rfd1 Bxc4 17. Qb1 Ne4 18. Bd2 Be2 0-1

[Event "Quebec-ch U16"]
[Site "Montreal CAN"]
[Date "1997.03.02"]
[Round "3"]
[White "Gulko, Andrei"]
[Black "Moskvitch, Andrei"]
[Result "1-0"]
[WhiteElo "1620"]
[BlackElo "1820"]
[PlyCount "161"]
[GameId "2160767911966391"]
[EventDate "1997.03.01"]
[EventType "tourn"]
[EventRounds "7"]
[EventCountry "CAN"]

1. d4 d6 2. c4 f5 3. Nf3 Nf6 4. g3 g6 5. Bg2 Bg7 6. O-O O-O 7. Nc3 Qe8 8. Qb3 Kh8 9. Bg5 Nbd7 10. Nb5 Qd8 11. Qe3 c6 12. Nc3 Re8 13. Bh6 Bxh6 14. Qxh6 e5 15. dxe5 Nxe5 16. Nxe5 Rxe5 17. Qd2 Qc7 18. Rad1 Ne8 19. Rfe1 Bd7 20. e4 Rd8 21. Qd4 Kg8 22. Qxa7 fxe4 23. Rxe4 Rxe4 24. Nxe4 Bg4 25. Re1 Qg7 26. h3 Bc8 27. Nc3 Nc7 28. Qe3 Be6 29. b3 Re8 30. Qd2 Bd7 31. Rxe8+ Nxe8 32. Kh2 Qe5 33. Na4 Bf5 34. Qc3 Qe2 35. Qb2 Qxb2 36. Nxb2 Kf7 37. Nd1 Ke6 38. Ne3 Ke5 39. Nxf5 gxf5 40. f3 f4 41. g4 Kd4 42. h4 Ng7 43. h5 Ne6 44. Kh3 Ng5+ 45. Kh4 h6 46. Bf1 Kc3 47. Be2 c5 48. Bd1 Kb4 49. Bc2 Ka3 50. Be4 b6 51. Bd5 Kxa2 52. b4 cxb4 53. c5+ b3 54. cxb6 Nxf3+ 55. Kh3 Ne5 56. b7 Nd7 57. g5 hxg5 58. h6 g4+ 59. Kg2 Ka3 60. Bxb3 Kxb3 61. h7 Kc3 62. h8=Q+ Kd3 63. b8=Q Nxb8 64. Qxb8 f3+ 65. Kf2 d5 66. Qg3 Kc3 67. Qxg4 d4 68. Qxf3+ d3 69. Ke1 Kc2 70. Qf2+ Kc3 71. Qd2+ Kd4 72. Kf2 Ke4 73. Qc3 Kf5 74. Qxd3+ Kf6 75. Qd5 Kg7 76. Qe6 Kh7 77. Kg3 Kh8 78. Qe7 Kg8 79. Kg4 Kh8 80. Kh5 Kg8 81. Kg6 1-0

[Event "Quebec-ch U16"]
[Site "Montreal CAN"]
[Date "1997.03.02"]
[Round "3"]
[White "Pescarus, Radu"]
[Black "Bachand-Fleurent, Julien"]
[Result "1-0"]
[WhiteElo "1906"]
[BlackElo "1547"]
[PlyCount "79"]
[GameId "2160767911966392"]
[EventDate "1997.03.01"]
[EventType "tourn"]
[EventRounds "7"]
[EventCountry "CAN"]

1. e4 c6 2. d4 d5 3. exd5 cxd5 4. Bd3 e6 5. Nf3 Bd6 6. O-O Nf6 7. Bg5 Nc6 8. c3 Qc7 9. Re1 Ng4 10. h3 Nxf2 11. Kxf2 Bg3+ 12. Kg1 Bxe1 13. Qxe1 Ne7 14. Bh4 Qb6 15. Qf2 Ng6 16. Bg3 O-O 17. Qc2 Bd7 18. a4 Rfe8 19. Ne5 Bc6 20. Nd2 Nf8 21. Ndf3 f6 22. Nxc6 bxc6 23. a5 Qb7 24. b4 f5 25. Re1 h6 26. h4 Rad8 27. Qe2 Rc8 28. Ba6 Qd7 29. Ne5 Qd8 30. Bxc8 Qxc8 31. Qh5 Qa8 32. Qf7+ Kh7 33. h5 Qd8 34. Ng6 Nd7 35. Rxe6 Rxe6 36. Qxe6 Qg5 37. Qe8 Nf8 38. Nxf8+ Kg8 39. Ng6+ Kh7 40. Qh8# 1-0

[Event "Quebec-ch U16"]
[Site "Montreal CAN"]
[Date "1997.03.02"]
[Round "4"]
[White "Bachand-Fleurent, Julien"]
[Black "Gottlieb, Jonathan"]
[Result "1-0"]
[WhiteElo "1547"]
[BlackElo "1818"]
[PlyCount "85"]
[GameId "2160767911966393"]
[EventDate "1997.03.01"]
[EventType "tourn"]
[EventRounds "7"]
[EventCountry "CAN"]

1. e4 c5 2. Nc3 Nc6 3. g3 g6 4. Bg2 Bg7 5. d3 e6 6. Nge2 d6 7. O-O Nge7 8. f4 O-O 9. g4 f5 10. exf5 exf5 11. g5 Be6 12. Re1 Bf7 13. Ng3 d5 14. Nce2 c4 15. d4 b5 16. c3 b4 17. Kh1 Qb6 18. Ng1 Rfe8 19. Nf3 Rad8 20. Ne5 Bxe5 21. fxe5 Be6 22. Ne2 Qa6 23. Nf4 Nc8 24. h4 Kg7 25. Bf3 b3 26. a3 N6e7 27. Kg2 Kf7 28. Rh1 Rh8 29. Rh2 Kg7 30. Qh1 Qc6 31. Kf2 Nb6 32. h5 Na8 33. hxg6 hxg6 34. Rh6 Nc7 35. Bd2 Qa8 36. Qh2 Rdg8 37. Rg1 Qe8 38. Be2 Rxh6 39. gxh6+ Kh7 40. Nh3 Bd7 41. Ng5+ Kh8 42. e6 Bxe6 43. Qe5+ 1-0

[Event "Quebec-ch U16"]
[Site "Montreal CAN"]
[Date "1997.03.02"]
[Round "4"]
[White "Falardeau, Bruno"]
[Black "Caire, Francois"]
[Result "1/2-1/2"]
[WhiteElo "1549"]
[BlackElo "1521"]
[PlyCount "89"]
[GameId "2160767911966394"]
[EventDate "1997.03.01"]
[EventType "tourn"]
[EventRounds "7"]
[EventCountry "CAN"]

1. e4 c5 2. Nf3 Nc6 3. Nc3 e6 4. Bb5 Nf6 5. O-O Be7 6. d4 cxd4 7. Nxd4 Qc7 8. Be3 a6 9. Bxc6 bxc6 10. f4 c5 11. Nb3 Bb7 12. e5 Nd5 13. Nxd5 Bxd5 14. Qg4 g6 15. Rad1 Qc6 16. Rf2 Be4 17. Qe2 c4 18. Na5 Qc7 19. Qxc4 Qxa5 20. Qxe4 Rd8 21. Rfd2 Qc7 22. Qa4 Qb7 23. Rd3 f6 24. Rb3 Qc6 25. Qxc6 dxc6 26. Rxd8+ Bxd8 27. Rb8 fxe5 28. fxe5 Kd7 29. Bg5 Re8 30. Rxd8+ Rxd8 31. Bxd8 Kxd8 32. Kf2 c5 33. Ke3 Kd7 34. Kd3 Kc7 35. Kc4 Kc6 36. b4 cxb4 37. Kxb4 Kd5 38. c4+ Kxe5 39. Kc5 Kf4 40. Kb6 e5 41. c5 e4 42. c6 e3 43. c7 e2 44. c8=Q e1=Q 45. Qc4+ 1/2-1/2

[Event "Quebec-ch U16"]
[Site "Montreal CAN"]
[Date "1997.03.02"]
[Round "4"]
[White "Moskvitch, Andrei"]
[Black "Fortin, Marc"]
[Result "1-0"]
[WhiteElo "1820"]
[BlackElo "1654"]
[PlyCount "121"]
[GameId "2160767911966395"]
[EventDate "1997.03.01"]
[EventType "tourn"]
[EventRounds "7"]
[EventCountry "CAN"]

1. e4 c5 2. c3 Nf6 3. e5 Nd5 4. d4 cxd4 5. Nf3 Nc6 6. cxd4 e6 7. Bc4 Nb6 8. Bb3 d6 9. exd6 Bxd6 10. O-O O-O 11. Re1 Bd7 12. Nc3 a6 13. a3 Qc7 14. Bc2 Ne7 15. h4 f5 16. Ng5 Rf6 17. Bb3 Ned5 18. Nxe6 Rxe6 19. Nxd5 Rxe1+ 20. Qxe1 Nxd5 21. Bxd5+ Kh8 22. Bd2 Qb6 23. Bc3 Re8 24. Qd2 Qd8 25. Qg5 Be7 26. Qh5 Bxh4 27. Bf7 Rf8 28. Bg6 h6 29. Re1 f4 30. Bb4 Rg8 31. Bf7 Bf6 32. Bxg8 Kxg8 33. Qd5+ Kh8 34. Qd6 Bh4 35. Qf8+ Qxf8 36. Bxf8 Bf6 37. Bc5 Bc6 38. g3 fxg3 39. fxg3 Kh7 40. Rd1 Bd5 41. Bd6 Kg6 42. Be5 Kf5 43. Rf1+ Ke6 44. Bxf6 gxf6 45. Rf4 h5 46. Kf2 Bc6 47. Rh4 Be8 48. Ke3 Bg6 49. Rh1 Be8 50. Rc1 Kd7 51. Ke4 Bg6+ 52. Kf4 b6 53. b4 Bh7 54. a4 Bd3 55. a5 b5 56. Rc5 Bg6 57. d5 Kd6 58. Rc6+ Kxd5 59. Rxa6 Kc4 60. Rxf6 Bd3 61. a6 1-0

[Event "Quebec-ch U16"]
[Site "Montreal CAN"]
[Date "1997.03.02"]
[Round "4"]
[White "Pescarus, Radu"]
[Black "Gulko, Andrei"]
[Result "1/2-1/2"]
[WhiteElo "1906"]
[BlackElo "1620"]
[PlyCount "69"]
[GameId "2160767911966396"]
[EventDate "1997.03.01"]
[EventType "tourn"]
[EventRounds "7"]
[EventCountry "CAN"]

1. e4 c6 2. d4 d5 3. exd5 cxd5 4. Bd3 Nc6 5. c3 Nf6 6. Bf4 Bg4 7. Qb3 Qd7 8. Nd2 a6 9. Ngf3 Bxf3 10. Nxf3 g6 11. O-O Bg7 12. Rae1 O-O 13. Re2 Nh5 14. Bg3 Nxg3 15. fxg3 Rae8 16. Rfe1 e6 17. Qc2 Qc7 18. Qd2 e5 19. Nxe5 Nxe5 20. dxe5 Rxe5 21. Rxe5 Bxe5 22. Bc2 Qb6+ 23. Kh1 Bg7 24. Bb3 d4 25. cxd4 Qxd4 26. Qxd4 Bxd4 27. Bd5 Bxb2 28. Bxb7 a5 29. Bc6 Rc8 30. Re8+ Rxe8 31. Bxe8 f5 32. Kg1 Kg7 33. Kf2 g5 34. h3 Kf6 35. Kf3 1/2-1/2

[Event "Quebec-ch U16"]
[Site "Montreal CAN"]
[Date "1997.03.03"]
[Round "5"]
[White "Caire, Francois"]
[Black "Moskvitch, Andrei"]
[Result "0-1"]
[WhiteElo "1521"]
[BlackElo "1820"]
[PlyCount "138"]
[GameId "2160767911966397"]
[EventDate "1997.03.01"]
[EventType "tourn"]
[EventRounds "7"]
[EventCountry "CAN"]

1. d4 d5 2. Nc3 Nf6 3. Bg5 Bf5 4. f3 Nbd7 5. Nxd5 Nxd5 6. e4 h6 7. Bh4 Ne3 8. Qe2 Nxf1 9. exf5 Nxh2 10. Rxh2 Nf6 11. O-O-O Qd6 12. Rh1 O-O-O 13. Qd3 e6 14. Ne2 Kb8 15. Bg3 Qd5 16. Kb1 Qxf5 17. Qc4 Bd6 18. Bf2 Qd5 19. Qa4 Qc6 20. Qb3 Qb6 21. Qc4 Nd5 22. Nc1 Qb4 23. Qd3 Qa4 24. Rhe1 Bf4 25. c3 Bxc1 26. Rxc1 Rd6 27. Qd2 Rhd8 28. Re2 Nb6 29. b3 Qa3 30. c4 R6d7 31. Qc3 c6 32. Rce1 Qf8 33. Qc2 Nc8 34. Qc3 Qa3 35. Qc2 Ne7 36. g4 Ng6 37. Be3 Qd6 38. Qc1 Ka8 39. Qd2 c5 40. Rd1 cxd4 41. Bg1 Qf4 42. Qd3 Ne5 43. Qe4 Qxe4+ 44. fxe4 Nxg4 45. Kc1 Kb8 46. Kd2 Kc7 47. Rg2 h5 48. Rg3 g6 49. Rf1 f5 50. exf5 gxf5 51. Rh3 Rh7 52. Rf4 b6 53. Rxd4 Rxd4+ 54. Bxd4 e5 55. Bc3 Kd6 56. Ke2 e4 57. Rh1 h4 58. Bd2 Ke5 59. Rf1 h3 60. Bc3+ Ke6 61. Rh1 f4 62. Bd4 f3+ 63. Kd2 Kf5 64. c5 bxc5 65. Bxc5 h2 66. Ke1 e3 67. Bd6 Nf2 68. Rxh2 Rxh2 69. Bxh2 Nd3+ 0-1

[Event "Quebec-ch U16"]
[Site "Montreal CAN"]
[Date "1997.03.03"]
[Round "5"]
[White "Fortin, Marc"]
[Black "Pescarus, Radu"]
[Result "0-1"]
[WhiteElo "1654"]
[BlackElo "1906"]
[PlyCount "56"]
[GameId "2160767911966398"]
[EventDate "1997.03.01"]
[EventType "tourn"]
[EventRounds "7"]
[EventCountry "CAN"]

1. e4 c5 2. Nf3 d6 3. d4 cxd4 4. Nxd4 Nf6 5. Nc3 e6 6. Be2 Nc6 7. Be3 Be7 8. Qd2 a6 9. O-O O-O 10. f4 Qc7 11. Bf3 Na5 12. Be2 Nc4 13. Bxc4 Qxc4 14. Qd3 Qc7 15. Rfe1 b5 16. a3 Bb7 17. Bf2 Rfd8 18. Qh3 Rac8 19. Kh1 Qc4 20. Qd3 Qc7 21. Qh3 Qd7 22. g4 Rc4 23. g5 Ne8 24. Qh5 g6 25. Qh4 Ng7 26. Re3 h5 27. Rh3 e5 28. Nde2 Nf5 0-1

[Event "Quebec-ch U16"]
[Site "Montreal CAN"]
[Date "1997.03.03"]
[Round "5"]
[White "Gulko, Andrei"]
[Black "Bachand-Fleurent, Julien"]
[Result "1/2-1/2"]
[WhiteElo "1620"]
[BlackElo "1547"]
[PlyCount "64"]
[GameId "2160767911966400"]
[EventDate "1997.03.01"]
[EventType "tourn"]
[EventRounds "7"]
[EventCountry "CAN"]

1. d4 d5 2. Nf3 Bf5 3. c4 c6 4. Nc3 e6 5. Qb3 Qc7 6. cxd5 exd5 7. g3 Bd6 8. Bg2 Nd7 9. O-O Ngf6 10. Bd2 Qb6 11. Qxb6 Nxb6 12. Nh4 Bg6 13. Nxg6 hxg6 14. Rab1 Nc4 15. Bg5 Nh7 16. Bc1 Nf6 17. b3 Nb6 18. Bg5 Nbd7 19. Bxf6 Nxf6 20. b4 O-O 21. b5 Rab8 22. Rfc1 Ba3 23. Rc2 Rfe8 24. Rb3 Bf8 25. bxc6 bxc6 26. Rcb2 Rxb3 27. Rxb3 Re7 28. a4 Rd7 29. Bh3 Rc7 30. Rb8 g5 31. Rc8 Rxc8 32. Bxc8 Bb4 1/2-1/2

[Event "Quebec-ch U16"]
[Site "Montreal CAN"]
[Date "1997.03.04"]
[Round "6"]
[White "Bachand-Fleurent, Julien"]
[Black "Falardeau, Bruno"]
[Result "1/2-1/2"]
[WhiteElo "1547"]
[BlackElo "1549"]
[PlyCount "74"]
[GameId "2160767911966401"]
[EventDate "1997.03.01"]
[EventType "tourn"]
[EventRounds "7"]
[EventCountry "CAN"]

1. e4 e6 2. d4 d5 3. Nc3 Bb4 4. e5 c5 5. a3 Bxc3+ 6. bxc3 Nc6 7. Qg4 g6 8. Bb5 Bd7 9. Bxc6 Bxc6 10. Bg5 Qb6 11. Bc1 Ba4 12. Qd1 Rc8 13. Ra2 Ne7 14. Ne2 Nf5 15. O-O Bb5 16. Rb2 Bxe2 17. Qxe2 Qa5 18. Rxb7 cxd4 19. Qb5+ Qxb5 20. Rxb5 dxc3 21. Rb1 Ra8 22. Rd1 O-O 23. Rb3 Rfc8 24. Rd3 Rab8 25. Kf1 Rxb3 26. cxb3 h5 27. g3 Rc5 28. f4 d4 29. Ke2 g5 30. Kd1 g4 31. Kc2 Kf8 32. b4 Rc7 33. Kb3 Ke8 34. b5 Kd7 35. Kb4 Kc8 36. a4 Kb7 37. a5 Rc8 1/2-1/2

[Event "Quebec-ch U16"]
[Site "Montreal CAN"]
[Date "1997.03.04"]
[Round "6"]
[White "Gulko, Andrei"]
[Black "Fortin, Marc"]
[Result "1/2-1/2"]
[WhiteElo "1620"]
[BlackElo "1654"]
[PlyCount "53"]
[GameId "2160767911966402"]
[EventDate "1997.03.01"]
[EventType "tourn"]
[EventRounds "7"]
[EventCountry "CAN"]

1. e4 c5 2. Nf3 d6 3. d4 cxd4 4. Nxd4 Nf6 5. Nc3 Nc6 6. Bg5 e6 7. Qd2 Be7 8. O-O-O a6 9. f4 Qc7 10. Bxf6 gxf6 11. f5 Bd7 12. fxe6 fxe6 13. Be2 O-O-O 14. Kb1 Ne5 15. Nf3 Nxf3 16. gxf3 Rdg8 17. Rhg1 Rg6 18. Rg3 Rhg8 19. Rdg1 Qc5 20. Qe1 Bd8 21. Nd1 Bb6 22. Rxg6 Rxg6 23. Rxg6 hxg6 24. Qc3 Qxc3 25. Nxc3 Bd4 26. Bf1 Bxc3 27. bxc3 1/2-1/2

[Event "Quebec-ch U16"]
[Site "Montreal CAN"]
[Date "1997.03.04"]
[Round "6"]
[White "Moskvitch, Andrei"]
[Black "Gottlieb, Jonathan"]
[Result "1/2-1/2"]
[WhiteElo "1820"]
[BlackElo "1818"]
[PlyCount "124"]
[GameId "2160767911966403"]
[EventDate "1997.03.01"]
[EventType "tourn"]
[EventRounds "7"]
[EventCountry "CAN"]

1. e4 c5 2. c3 d6 3. d4 Nf6 4. Bd3 cxd4 5. cxd4 g6 6. Nc3 Bg7 7. Bb5+ Nfd7 8. Nge2 O-O 9. Bxd7 Nxd7 10. O-O Nb6 11. Qd3 Bd7 12. Be3 Rc8 13. b3 a6 14. Rac1 Na8 15. Rc2 Nc7 16. d5 Nb5 17. a4 Nxc3 18. Nxc3 Qa5 19. Rfc1 Bxc3 20. Rxc3 Rxc3 21. Qxc3 Qxc3 22. Rxc3 Rc8 23. Rxc8+ Bxc8 24. Bb6 Kf8 25. f3 e6 26. Kf2 exd5 27. exd5 Bf5 28. Ke3 Bc2 29. a5 Bxb3 30. Ke4 Ke7 31. Bc7 f5+ 32. Kd4 g5 33. g3 Bc2 34. Bb8 Kd7 35. Ba7 h6 36. Bb6 h5 37. f4 gxf4 38. gxf4 h4 39. Ba7 Ke7 40. Bb8 Kd7 41. Ba7 b5 42. axb6 Kc8 43. Kc3 Be4 44. b7+ Kxb7 45. Bf2 h3 46. Kc4 Kc7 47. Bd4 a5 48. Bc3 a4 49. Bb4 Bc2 50. Ba3 Be4 51. Bb4 Kd7 52. Ba3 Ke7 53. Bb4 Kf7 54. Bxd6 Kg6 55. Bb4 Kh5 56. d6 Bc6 57. Kd4 Kg4 58. Ke3 Bd7 59. Ba3 Bc6 60. Bc1 Bd7 61. Kf2 Bc6 62. Ba3 Bd7 1/2-1/2

[Event "Quebec-ch U16"]
[Site "Montreal CAN"]
[Date "1997.03.04"]
[Round "6"]
[White "Pescarus, Radu"]
[Black "Caire, Francois"]
[Result "1-0"]
[WhiteElo "1906"]
[BlackElo "1521"]
[PlyCount "54"]
[GameId "2160767911966404"]
[EventDate "1997.03.01"]
[EventType "tourn"]
[EventRounds "7"]
[EventCountry "CAN"]

1. e4 b6 2. d4 Bb7 3. Bd3 e6 4. Nf3 d6 5. O-O Nd7 6. c4 Ne7 7. Nc3 g6 8. Be3 Bg7 9. Re1 O-O 10. Qd2 e5 11. d5 f5 12. Bh6 a5 13. Bxg7 Kxg7 14. Ng5 Nc5 15. a3 a4 16. Bc2 h6 17. Nf3 fxe4 18. Nxe4 Bc8 19. h3 Bxh3 20. Nxe5 Bxg2 21. Nxc5 bxc5 22. Ng4 Bf3 23. Qc3+ Kh7 24. Nf6+ Kg7 25. Nh5+ Kf7 26. Qf6+ Ke8 27. Ng7+ Kd7 1-0

[Event "Quebec-ch U16"]
[Site "Montreal CAN"]
[Date "1997.03.05"]
[Round "7"]
[White "Caire, Francois"]
[Black "Gulko, Andrei"]
[Result "0-1"]
[WhiteElo "1521"]
[BlackElo "1620"]
[PlyCount "54"]
[GameId "2160767911966405"]
[EventDate "1997.03.01"]
[EventType "tourn"]
[EventRounds "7"]
[EventCountry "CAN"]

1. g3 Nf6 2. Bg2 g6 3. Nf3 Bg7 4. O-O O-O 5. d3 d6 6. e4 e5 7. Nc3 Be6 8. Ng5 Bd7 9. f4 h6 10. Nf3 exf4 11. gxf4 Qc8 12. Qe1 Bh3 13. Qh4 Bxg2 14. Kxg2 Nc6 15. f5 g5 16. Qg3 Nd7 17. Nd5 f6 18. Nd4 Nb6 19. Ne6 Rf7 20. Ne3 Nd8 21. d4 Nxe6 22. fxe6 Qxe6 23. c3 Qxe4+ 24. Kg1 f5 25. Qf2 f4 26. Ng2 f3 27. Re1 Qg4 0-1

[Event "Quebec-ch U16"]
[Site "Montreal CAN"]
[Date "1997.03.05"]
[Round "7"]
[White "Falardeau, Bruno"]
[Black "Moskvitch, Andrei"]
[Result "0-1"]
[WhiteElo "1549"]
[BlackElo "1820"]
[PlyCount "110"]
[GameId "2160767911966406"]
[EventDate "1997.03.01"]
[EventType "tourn"]
[EventRounds "7"]
[EventCountry "CAN"]

1. e4 d6 2. d4 e5 3. dxe5 dxe5 4. Qxd8+ Kxd8 5. Nf3 f6 6. Be3 Be6 7. Nc3 c6 8. Be2 Nd7 9. a3 Bc5 10. Bxc5 Nxc5 11. O-O-O+ Kc7 12. Rd2 Ne7 13. Rhd1 b5 14. b4 Nb7 15. Ne1 a5 16. Nd3 axb4 17. axb4 Kb6 18. f4 Ra1+ 19. Kb2 Rxd1 20. Rxd1 exf4 21. Nxf4 Bc8 22. Rd3 Ng6 23. Nxg6 hxg6 24. h3 Kc7 25. Nd1 Nd6 26. Re3 Re8 27. Bd3 Re5 28. Nf2 Nf5 29. Re2 Nd4 30. Re1 Rg5 31. g4 Re5 32. Ra1 Re7 33. c4 Kd6 34. cxb5 cxb5 35. Rd1 Ke5 36. Bxb5 Nxb5 37. Rd5+ Kf4 38. Rxb5 Kf3 39. Rc5 Kxf2 40. Rxc8 Rxe4 41. Kb3 Kg3 42. Rc3+ Kg2 43. Ka4 f5 44. Rc7 f4 45. Rxg7 Re6 46. Ka5 f3 47. b5 f2 48. Rf7 Re3 49. b6 Rf3 50. Rxf3 Kxf3 51. b7 f1=Q 52. b8=Q Qa1+ 53. Kb6 Qb2+ 54. Kc7 Qxb8+ 55. Kxb8 Kg3 0-1

[Event "Quebec-ch U16"]
[Site "Montreal CAN"]
[Date "1997.03.05"]
[Round "7"]
[White "Fortin, Marc"]
[Black "Bachand-Fleurent, Julien"]
[Result "1-0"]
[WhiteElo "1654"]
[BlackElo "1547"]
[PlyCount "127"]
[GameId "2160767911966407"]
[EventDate "1997.03.01"]
[EventType "tourn"]
[EventRounds "7"]
[EventCountry "CAN"]

1. e4 e6 2. d4 d5 3. exd5 exd5 4. c4 Nf6 5. Nc3 Bf5 6. Bg5 Bb4 7. Nf3 c6 8. Bxf6 Qxf6 9. Be2 dxc4 10. Bxc4 O-O 11. O-O Nd7 12. Qb3 Bxc3 13. Qxc3 Nb6 14. Rad1 Rfe8 15. Rfe1 Be6 16. b3 Rad8 17. Ne5 h6 18. Re3 Nd5 19. Bxd5 Bxd5 20. Rde1 Qd6 21. Qc5 Qxc5 22. dxc5 Re6 23. f3 Rde8 24. Ng4 Rxe3 25. Rxe3 Rxe3 26. Nxe3 Kf8 27. Nxd5 cxd5 28. Kf2 Ke7 29. Ke3 Kd7 30. Kd4 Kc6 31. b4 b6 32. cxb6 Kxb6 33. Kxd5 Kb5 34. a3 Ka4 35. Kc4 Kxa3 36. Kc3 Ka4 37. Kc4 a6 38. Kc5 Kb3 39. f4 Kc3 40. g4 g6 41. f5 gxf5 42. gxf5 f6 43. h3 h5 44. h4 Kb3 45. b5 axb5 46. Kxb5 Kc3 47. Kc5 Kd3 48. Kd5 Ke3 49. Ke6 Kf3 50. Kxf6 Kg4 51. Kg6 Kxh4 52. f6 Kg4 53. f7 h4 54. f8=Q h3 55. Qf1 Kg3 56. Qg1+ Kf3 57. Kg5 Ke2 58. Kg4 h2 59. Qxh2+ Kd1 60. Kf3 Kc1 61. Ke3 Kb1 62. Kd3 Ka1 63. Kc3 Kb1 64. Qb2# 1-0